Prime-time television: content and control
| Main Author: | |
|---|---|
| Format: | Print Book |
| Language: | English |
| Published: |
Beverly Hills, Calif. [u.a.]
Sage Publ.
1980
|
| In: |
The Sage commtext series (3)
Year: 1980 |
| Edition: | 1. printing |
| Availability in Tübingen: | Present in Tübingen. UB: KB 3 E 62 |
| Check availability: | HBZ Gateway |
| Subito Delivery Service: | Order now. |
| Keywords: |
MARC
| LEADER | 00000cam a2200000 c 4500 | ||
|---|---|---|---|
| 001 | 196965284 | ||
| 003 | DE-627 | ||
| 005 | 20260206194057.0 | ||
| 007 | tu | ||
| 008 | 960427s1980 xxu||||| 00| ||eng c | ||
| 020 | |a 0803913176 |9 0-8039-1317-6 | ||
| 020 | |a 0803913168 |9 0-8039-1316-8 | ||
| 035 | |a (DE-627)196965284 | ||
| 035 | |a (DE-603)02291837X | ||
| 035 | |a (DE-576)008244863 | ||
| 035 | |a (DE-599)GBV196965284 | ||
| 035 | |a (OCoLC)832464194 | ||
| 035 | |a (OCoLC)06087712 | ||
| 035 | |a (OCoLC)785799718 | ||
| 035 | |a (DE-604)8052178277 | ||
| 040 | |a DE-627 |b ger |c DE-627 |e rakwb | ||
| 041 | |a eng | ||
| 044 | |c XD-US |c XA-GB | ||
| 082 | 0 | |a 302.2/3 | |
| 082 | 0 | |a 302.23 |q LoC |2 DDC19oclc | |
| 084 | |a MG 70150 |2 rvk |0 (DE-625)rvk/122860:12061 | ||
| 084 | |a MS 7960 |2 rvk |0 (DE-625)rvk/123800: | ||
| 100 | 1 | |a Cantor, Muriel G. |e VerfasserIn |0 (DE-588)171301072 |0 (DE-627)061487953 |0 (DE-576)132105055 |4 aut | |
| 109 | |a Cantor, Muriel G. |a Cantor, Muriel Goldsman |a Goldsman Cantor, Muriel | ||
| 245 | 1 | 0 | |a Prime-time television |b content and control |c Muriel G. Cantor |
| 250 | |a 1. printing | ||
| 264 | 1 | |a Beverly Hills, Calif. [u.a.] |b Sage Publ. |c 1980 | |
| 300 | |a 143 S. | ||
| 336 | |a Text |b txt |2 rdacontent | ||
| 337 | |a ohne Hilfsmittel zu benutzen |b n |2 rdamedia | ||
| 338 | |a Band |b nc |2 rdacarrier | ||
| 490 | 1 | |a The Sage CommText series |v 3 | |
| 500 | |a Literaturverz. S. 127 - 134 | ||
| 505 | 8 | |a Literaturverz. S. 127 - 134 | |
| 505 | 8 | |a Literaturverz. S. 127 - 134 | |
| 583 | 1 | |a Archivierung prüfen |c 20200919 |f DE-640 |z 3 |2 pdager | |
| 583 | 1 | |a Archivierung prüfen |c 20240324 |f DE-4165 |z 2 |2 pdager | |
| 650 | 0 | 7 | |0 (DE-588)4020588-5 |0 (DE-627)106317520 |0 (DE-576)208933956 |a Gesellschaft |2 gnd |
| 650 | 0 | 7 | |0 (DE-588)4077624-4 |0 (DE-627)104152036 |0 (DE-576)209205849 |a Soziologie |2 gnd |
| 650 | 0 | 7 | |0 (DE-588)4016825-6 |0 (DE-627)106331833 |0 (DE-576)208917446 |a Fernsehen |2 gnd |
| 650 | 0 | 7 | |0 (DE-588)4062787-1 |0 (DE-627)106130196 |0 (DE-576)209146095 |a Verfassung |2 gnd |
| 651 | 7 | |0 (DE-588)4078704-7 |0 (DE-627)106076612 |0 (DE-576)209209682 |a Usa |2 gnd | |
| 689 | 0 | 0 | |d g |0 (DE-588)4078704-7 |0 (DE-627)106076612 |0 (DE-576)209209682 |a USA |2 gnd |
| 689 | 0 | 1 | |d s |0 (DE-588)4016825-6 |0 (DE-627)106331833 |0 (DE-576)208917446 |a Fernsehen |2 gnd |
| 689 | 0 | |5 (DE-627) | |
| 830 | 4 | |a The Sage commtext series |v 3 |9 3 |w (DE-627)130556084 |w (DE-576)007985126 |w (DE-600)784618-6 |7 am | |
| 935 | |i Blocktest | ||
| 935 | |h HEB |i 0501 | ||
| 935 | |h HEB |i 0503 | ||
| 936 | r | v | |a MG 70150 |b Presse, Massenmedien |k Politologie |k Politische Systeme einzelner Länder |k Europa, Nordamerika |k Nordamerika |k USA |k Öffentliche Meinung |k Presse, Massenmedien |0 (DE-627)1271511509 |0 (DE-625)rvk/122860:12061 |0 (DE-576)201511509 |
| 936 | r | v | |a MS 7960 |b Hörfunk, Fernsehen und Film |k Soziologie |k Spezielle Soziologien |k Soziologie der Massenkommunikation und öffentlichen Meinung, Mediensoziologie |k Hörfunk, Fernsehen und Film |0 (DE-627)1271441764 |0 (DE-625)rvk/123800: |0 (DE-576)201441764 |
| 936 | s | n | |a m100 |2 mzub |
| 936 | s | n | |a m200 |2 mzub |
| 951 | |a BO | ||
| ELC | |b 1 | ||
| LOK | |0 000 xxxxxcx a22 zn 4500 | ||
| LOK | |0 001 3162207606 | ||
| LOK | |0 003 DE-627 | ||
| LOK | |0 004 196965284 | ||
| LOK | |0 005 20020606000000 | ||
| LOK | |0 008 920115||||||||||||||||ger||||||| | ||
| LOK | |0 040 |a DE-21 |c DE-627 |d DE-21 | ||
| LOK | |0 852 |a DE-21 | ||
| LOK | |0 852 1 |c KB 3 E 62 |9 00 | ||
| LOK | |0 935 |a krim | ||
| LOK | |0 936ln |a k7.3.3.5 | ||
| LOK | |0 939 |a 15-01-92 |b l01 | ||
| ORI | |a SA-MARC-krimdoka001.raw | ||
| SIG | |a UB: KB 3 E 62 | ||
